JR東日本の廃駅 - Statistics

General Stats
  • This quiz has been taken 68 times
  • The average score is 56 of 179
Answer Stats
Hint Answer % Correct
岩泉
78%
浅虫温泉
69%
真岡(旧読み:もうか)
67%
三戸
65%
目時
65%
足尾
65%
東北本線 東青森
63%
金田一温泉
63%
妙高高原
61%
三沢
59%
新井
59%
高田
59%
滝沢
57%
大船渡
57%
上総中野
57%
奥羽本線 赤岩
56%
信越本線 中軽井沢
56%
陸中山田
54%
54%
会津線 会津高原(会津高原尾瀬口)
54%
茂木
54%
大糸線 ヤナバスキー場前
54%
一戸
52%
坂城
52%
屋代
52%
会津田島
52%
間藤
52%
厨川
50%
北長野
50%
三才
50%
春日山
50%
長井
50%
千曳
48%
田中
48%
二本木
48%
南高田
48%
西平内
46%
上北町
46%
苫米地
46%
岩手川口
46%
御代田
46%
戸倉
46%
黒姫
46%
北新井
46%
大多喜
46%
狩場沢
44%
乙供
44%
西上田
44%
木原線 西大原
44%
陸奥市川
43%
奥中山(奥中山高原)
43%
渋民
43%
陸前高田
43%
小柳
41%
小湊
41%
向山
41%
下田
41%
北高岩
41%
剣吉
41%
小鳥谷
41%
仙山線 西仙台ハイランド
41%
只見線 田子倉
41%
足尾線 相老
41%
大間々
41%
野内
39%
御堂
39%
信濃追分
39%
牟礼
39%
矢田前
37%
清水川
37%
諏訪ノ平
37%
小繋
37%
吉里吉里
37%
岩手和井内
37%
神土
37%
関山
35%
上三寄(芦ノ牧温泉)
35%
小川原
33%
浅岸
33%
大槌
33%
柿ノ木
33%
荒海(会津荒海)
33%
斗米
31%
平原
31%
大屋
31%
押角
31%
志津川
31%
八ツ森
31%
荒砥
31%
古間
30%
益子
30%
山田線 大志田
28%
南気仙沼
28%
大船渡線 鹿折唐桑
28%
国吉
28%
東総元
28%
総元
28%
糸沢(七ヶ岳登山口)
26%
中荒井
26%
湯野上(湯野上温泉)
26%
桑原(芦ノ牧温泉南)
26%
滋野
24%
八戸線 プレイピア白浜
24%
北上線 平石
24%
矢美津
24%
田部原(田島高校前)
24%
会津落合(養鱒公園)
24%
楢原(会津下郷)
24%
舟子(大川ダム公園)
24%
久我原
24%
岩手船越
22%
浪板海岸
22%
鵜住居
22%
上鹿折
22%
弥五島
22%
新田野
22%
上総中川
22%
沢入(旧読み:そおり)
22%
磯鶏
20%
本吉
20%
会津長野
20%
門田
20%
北真岡(旧読み:きたもうか)
20%
市塙
20%
津軽石
19%
両石
19%
上総東
19%
西宮内(おりはた)
19%
通洞
19%
豊間根
17%
織笠
17%
気仙沼線 陸前横山
17%
陸前戸倉
17%
不動の沢
17%
長井線 宮内町(宮内)
17%
梨郷
17%
水沼
17%
足尾本山
17%
歌津
15%
大谷海岸
15%
松岩
15%
西畑
15%
久下田
15%
多田羅
15%
上神梅
15%
花輪
15%
原向
15%
二升石
13%
竹駒
13%
岩泉線 岩手刈屋
11%
中里
11%
浅内
11%
陸前階上
11%
米坂線 玉川口
11%
七井
11%
時庭
11%
南長井
11%
羽前成田
11%
蚕桑
11%
小中
11%
清水浜
9%
陸前小泉
9%
小金沢
9%
最知
9%
陸前矢作
9%
脇ノ沢
9%
下船渡
9%
花立
9%
小谷松
9%
真岡線 折本
9%
岩手大川
7%
陸前港
7%
蔵内
7%
小友
7%
細浦
7%
寺内
7%
西田井
7%
西大塚
7%
鮎貝
7%
No matching quizzes found
Score Distribution
Percent of People with Each Score
Percentile by Number Answered
Your Score History
You have not taken this quiz